|
|
|
|
| LEADER |
00000cam a2200000 a 4500 |
| 001 |
86214 |
| 005 |
20240402062619.0 |
| 008 |
990122|1988 ||||||||r|||||||||||spa|| |
| 020 |
|
|
|a 9682314690
|
| 040 |
|
|
|b spa
|
| 041 |
1 |
|
|a spa
|
| 082 |
0 |
|
|a 336
|
| 100 |
1 |
|
|a Magdoff, HarrySweezy, Paul M.
|9 40123
|
| 245 |
1 |
1 |
|a Estancamiento y explosión financiera en Estados Unidos
|c Harry Magdoff, Paul M. Sweezy
|h imp
|
| 264 |
|
|
|a México
|b Siglo Veintiuno Editores
|c 1988
|
| 300 |
|
|
|a 237 páginas:
|c 21 cm
|
| 650 |
1 |
|
|a Estados unidos
|9 5497
|
| 650 |
1 |
0 |
|a Sistemas económicos
|9 12173
|
| 650 |
1 |
|
|a Deuda externa
|9 869
|
| 852 |
|
|
|a UC-CDJBV
|c ESTANTERIA CERRADA
|f Compra
|k sara.alvarado
|l 1
|m General
|p 19901228
|q 7780.00
|r 2
|t 86214
|b 0
|d CDRC
|e CDRC
|g 336 ESTANTERIA CERRADA
|z 1990-01-22
|
| 942 |
|
|
|c BK
|
| 999 |
|
|
|c 21468
|d 21468
|